00918nam a22002657a 45000010005000000030006000050050017000110080041000280200018000690400029000870500015001160820010001311000032001412450077001732500041002502600037002913000061003285050007003895200124003965210018005205210019005386500027005576500035005847000033006196976FISKH20250613102331.0250613b cb ||||| |||| 00| 0 eng d a9780064467346 aFISKHbengcFISKHdFISKH aQA273 .M87 a519.2 aJ.Murphy, Stuartd(1942–) aProbably pistachio /cBy Stuart J.Murphy ; Illustrated by Marsha Winborn aThis edition first published in 2001 aNew York :bHarperCollins,c2001 a30 unnumbered pages :bcolor illustrations ;c21 x 26 cm aL  aReaders are introduced to the concept of probability in a story about a boy who has a day in which nothing goes right. 8 a520 bLexile 8 aL bRaz-Plus  2MathStartaProbability 2Stuart Murphy BinaMath Basket aWinborn, Marshadillustrator